| 000 | 00698nam a2200205 i 4500 | ||
|---|---|---|---|
| 001 | 176505 | ||
| 003 | ES-MaACL | ||
| 005 | 20250721062645.0 | ||
| 008 | 110119s1963 sp a |||| | cat d | ||
| 080 | _a33 | ||
| 245 | 0 | 0 |
_aDos móns, dues economies / _cPadrós, D. de Gélida, Muntaner, Bricall. |
| 260 |
_aSarrià (Barcelona) : _bEditorial Franciscana, _c1963. |
||
| 300 |
_a153 p. : _bil. bl. y n. ; _c19 cm. |
||
| 490 | 1 |
_aCritèrion. Col·lecció Ideològica ; _v18 |
|
| 504 | _aBibliografía: p. 149-153. | ||
| 650 | 0 | 7 |
_aEconomía _2embne _912006 |
| 830 | 0 |
_aCritèrion. Col·lecció Ideològica ; _v18 _9190094 |
|
| 852 |
_aES-MaACL _jE-14107 _xOlim P-735 |
||
| 999 |
_c176505 _d176505 |
||